Every Edge match since 2020 in WWE - Statistics

General Stats
  • This quiz has been taken 18 times
    16 since last reset
  • The average score is 23 of 38
Answer Stats
Hint Answer % Correct
Royal Rumble 2020 (Name the Winner) Drew McIntyre
100%
WrestleMania 36 (Night 2) Randy Orton
100%
Backlash 2020 Randy Orton
100%
Royal Rumble 2021 (Name who was last eliminated) Randy Orton
100%
Raw - Feb 1, 2021 Randy Orton
100%
Hell In A Cell 2022 Finn Balor
92%
Clash At The Castle 2022 Finn Balor
92%
Extreme Rules 2022 Finn Balor
92%
WrestleMania 39 (Night 2) Finn Balor
92%
Raw - Aug 22, 2022 Damian Priest
85%
WrestleMania 37 (Night 2) Daniel Bryan
85%
WrestleMania 37 (Night 2) Roman Reigns
85%
SmackDown - Jul 16, 2021 Roman Reigns
85%
Money in the Bank 2021 Roman Reigns
85%
SmackDown - Aug 18, 2023 Sheamus
85%
SmackDown - May 12, 2023 Rey Mysterio
77%
Royal Rumble 2023 (Name the Winner) Cody Rhodes
69%
Raw - Sep 12, 2022 Dominik Mysterio
69%
SmackDown - Mar 19, 2021 Jey Uso
69%
Day 1 2022 The Miz
69%
WrestleMania 38 (Night 2) AJ Styles
62%
WreslteMania Basklash 2022 AJ Styles
62%
SmackDown - May 12, 2023 AJ Styles
62%
Elimination Chamber 2023 Rhea Ripley
62%
SummerSlam 2021 Seth Rollins
54%
SmackDown - Sep 10, 2021 Seth Rollins
54%
Crown Jewel 2021 Seth Rollins
54%
SmackDown - Jul 16, 2021 Jimmy Uso
38%
Raw - Feb 20, 2023 Austin Theory
31%
SmackDown - Jul 7, 2023 Grayson Waller
31%
WWE Live (MSG) - Dec 26, 2021 Kevin Owens
31%
Hell In A Cell 2022 Liv Morgan
15%
Hell In A Cell 2022 AJ Styles
0%
Clash At The Castle 2022 Damian Priest
0%
Elimination Chamber 2023 Finn Balor
0%
SmackDown - Jul 16, 2021 Jey Uso
0%
Royal Rumble 2022 Mayrse
0%
Royal Rumble 2022 The Miz
0%
No matching quizzes found
Score Distribution
Percent of People with Each Score
Percentile by Number Answered
Your Score History
You have not taken this quiz since the last reset